000 01001nam a22003257a 4500
001 BR8602183
003 BR-BrBNA
005 20230928092252.0
007 ta
008 230509b bl.||||| |||| 00| 0 por d
040 _aBR-BrBNA
_bpor
_cBiblioteca Nacional de Agricultura
041 _a(Por)
072 _aF01; L01; M01
_b/G514
090 _ F01 BR8602183
110 1 _aComissao de Planejamento Agricola de Roraima, Boa Vista (Brasil)
_91998
245 1 _aIndicadores socio-economicos para o desenvolvimento do Territorio Federal de Roraima [producao vegetal, producao animal, producao pesqueira, Brasil]
260 3 _aBoa Vista, RR (Brasil):
_c[nd].
300 _a55 p.
500 _aPublished after 1985; 10 tables
650 _aPRODUCAO VEGETAL
650 _aPRODUCAO PESQUEIRA
650 _aCUSTO
650 _aPRECO
650 _aREBANHO
650 _aARMAZENAMENTO
650 _aCREDITO RURAL
650 _aRORAIMA
909 _a202309
_bLucia
_c55
_dLucia Elande
942 _cBK
999 _c38022
_d38022